000 01592nam2a2200313 4500
001 RU\NLR\BIBL_A\011671944
005 20180413111255.0
010 _a978-5-4439-2688-9
_bт. 2
021 _aRU
_bКН-П-18-015836
_9КН-П-18-1140
035 _a(NLR Aleph) 011671944
035 _a(RuMoRGB)009560860
090 _a11241331
_c11241331
100 _a20180405d2018 d y0rusy50 ca
101 0 _arus
102 _aRU
105 _aa j 001 y
200 1 _aСтереометрия. Преобразования пространства
215 _a256 с.
_cил.
320 _aБиблиогр.: с. 254 (16 назв.)
320 _aПредм. указ.: с. 255-256
461 0 _1001RU\NLR\BIBL_A\011671936
_12001#$aЭлементарная геометрия$e[пособие$eв 3 т.]$fЯ.П. Понарин$vТ. 2
_1700#1$aПонарин$bЯ.П.$f1934-$gЯков Петрович
_911241288
_aПонарин, Я.П. (1934-)
_cМосква
_d2018
_eИзд. 4-е, стер.
_fЯ.П. Понарин
_nИзд-во МЦНМО
_o[пособие : в 3 т.]
_tЭлементарная геометрия
_y9785443926865
_vТ. 2
517 1 _aПреобразования пространства
606 1 _aСтереометрия
_jУчебно-методические пособия
_91382248
_3RU\NLR\AUTH\66266628
606 1 _aПространства
_jУчебно-методические пособия
_xГеометрия
_92219157
_3RU\NLR\AUTH\661332640
686 1 _aВ182.21я7-1
942 _cBOOK
980 _aNB